Piłkarze Podlasia Biała Podlaska - nagła śmierć - Statystyki

Ogólne statystyki
  • Ten quiz został rozwiązany 10 razy
  • Średni wynik to 3 z 20
Answers on the Grid
Answers color-coded by a green-red scale on the quiz's grid according to % correct below.
Rafał Misztal
Mateusz Pruchniewski
Kacper Nowak
Jan Kozłowski
Cezary Portka
Rostysław Dehtiar
Damian Partiuk
Stefan Kowalczuk
Krzysztof Salak
Mariusz Haliniuk
Maciej Koleżuk
Mirosław Kapuśniak
Wiesław Siekierski
Dmytro Awdiejew
Ryszard Rutkowski
Miłosz Pacek
Tomasz Turużuk
Patryk Kapuściński
Jan Urbanowicz
Szymon Kamiński
Jacek Pernal
Arkadiusz Kot
Mateusz Podstolak
Jędrzej Paliniuk
Ołeh Fiłonow
Józef Sypek
Tomasz Andrzejuk
Piotr Poliszeniuk
Dawid Nojszewski
Grzegorz Mielniuk
Kacper Jakóbczyk
Jakub Kobyliński
Maciej Orzechowski
Marian Pawelec
Adrian Wnuk
Marcin Pigiel
Damian Lepiarz
Mateusz Wyjadłowski
Jacek Mieściuch
Jan Byrtkowski
 
Statystyki odpowiedzi
Odpowiedź % Poprawnych
Rafał Misztal
63%
Adrian Wnuk
25%
Damian Lepiarz
25%
Arkadiusz Kot
13%
Dmytro Awdiejew
13%
Jakub Kobyliński
13%
Jan Kozłowski
13%
Maciej Orzechowski
13%
Marcin Pigiel
13%
Mateusz Podstolak
13%
Ołeh Fiłonow
13%
Rostysław Dehtiar
13%
Szymon Kamiński
13%
Tomasz Andrzejuk
13%
Dawid Nojszewski
0%
Kacper Jakóbczyk
0%
Krzysztof Salak
0%
Mateusz Wyjadłowski
0%
Miłosz Pacek
0%
Patryk Kapuściński
0%
Nie znaleziono quizów pasujących do podanych kryteriów
Rozkład punktacji
Procent ludzi z każdym wynikiem
Percentyl według liczby udzielonych odpowiedzi
Twoja historia wyników
Nie rozwiązałeś tego quizu